|
|
|
|
| LEADER |
00000nab a2200000 a 4500 |
| 001 |
vtls000813217 |
| 003 |
SK-MaSNL |
| 005 |
20260304024801.0 |
| 008 |
180206c2002 xo 0 slo |
| 015 |
|
|
|a SNBRB2002/11-35729
|
| 035 |
|
|
|a CLN000164872
|
| 040 |
|
|
|a SNKBUCL
|b slo
|c SNKBUCL
|e AACR2
|
| 041 |
0 |
|
|a slo
|
| 044 |
|
|
|a xo
|c SK
|
| 080 |
|
|
|a 327.39(4)
|2 UDC-MRF-SK2
|
| 100 |
1 |
|
|a Polakovič, Alexander,
|d 1942-
|4 aut
|9 20851
|
| 245 |
1 |
0 |
|a Európa sa už vydala na cestu k vlastnej ústave
|b Konvent o budúcnosti Európy včera otvoril ...
|c Alexander Polakovič
|
| 300 |
|
|
|b Fotogr.
|
| 610 |
2 |
7 |
|a Európska únia.
|b Konvent o budúcnosti Európy
|2 snkbucl
|9 317054
|
| 655 |
|
7 |
|a články z novín a časopisov
|2 snkbucl
|9 267496
|
| 773 |
0 |
|
|x 1335-4671
|t Národná obroda
|g Roč. 13, č. 253 (30.10.2002), s. 10
|
| 850 |
|
|
|a Slovenská národná knižnica v Martine
|
| 852 |
|
|
|a SNK
|b KIS3GCP
|
| 958 |
|
|
|a RBX
|
| 999 |
|
|
|c 2623521
|d 2625451
|